000 01071nam a2200313Ia 4500
001 dia_1567
003 CHAP
005 20230627130714.0
008 220117s1980 xx 000 0 und d
010 _a172111
020 _a84-302-0154-8
040 _cCHAP
082 _a621.977 H36 1980
100 _aHamilton, Frank S.
_9151033
245 _aLa soldadura autógena y el corte de los metales por medio del dardo de oxígeno : soldadura eléctrica /
_c Frank S. Hamilton ; traducción E. H.
250 _a7a ed.
260 _aBarcelona :
_b Sintes,
_c1980
300 _a149 p.
503 _aI. 123135
505 _aSoldadura eléctrica, soxiacefilénica, soldadura oxhídirca, soldadura por el oxígeno y el gas de alumbrado, soldadura aluminotérmica
590 _aTH6691 H36 1980
650 _aSoldadura eléctrica
_9151034
650 _aSoldadura térmica
_9151035
700 _aH., E., tr.
_9151036
901 _a621.977 H36 1980
902 _aM
905 _a5232271980 sp a 8222223322spa16
942 _cLIBRO
_2ddc
999 _c172111
_d172111